UBT Library

E Drejta e Kosovës për vetëvendosje dhe shtetësi : (Record no. 343)

000 -LEADER
fixed length control field 00929nam a22002537a 4500
008 - FIXED-LENGTH DATA ELEMENTS--GENERAL INFORMATION
fixed length control field 131125b xxu||||| |||| 00| 0 alb d
020 ## - INTERNATIONAL STANDARD BOOK NUMBER
International Standard Book Number 9951495001
041 ## - LANGUAGE CODE
Language code of text/sound track or separate title alb
-- eng
080 ## - UNIVERSAL DECIMAL CLASSIFICATION NUMBER
Universal Decimal Classification number 342.15
Common auxiliary subdivision (496.51)
-- (091)
100 1# - Rafti
Rafti Rrecaj, Besfort T.
100 1# - Rafti
-- 1980-
245 10 - TITLE STATEMENT
Title E Drejta e Kosovës për vetëvendosje dhe shtetësi :
Statement of responsibility, etc Besfort T. Rrecaj.
246 13 - VARYING FORM OF TITLE
Title proper/short title Kosova's right to self-determination and statehood
260 ## -
-- Prishtinë :
-- [Kolegji universitar "Victory"],
-- 2006.
300 ## -
-- 100, 92 f. :
-- hartat ;
-- 23 cm.
500 ## -
-- Në anën e kundërt të librit titulli dhe teksti krahasues në gjuhën angleze
500 ## -
-- Parathënie : f. 11
505 ## -
-- Literatura : f. 83-90
505 ## -
-- Biografia e autorit : f.99
650 #0 -
-- Vetëvendosja kombëtare
650 #0 -
-- Çështja nacionale
-- Kosova
651 ## -
-- Historia
-- Kosova
651 ## -
-- Çështja nacionale
942 ## - ADDED ENTRY ELEMENTS (KOHA)
Source of classification or shelving scheme
Item type Books
Holdings
Withdrawn status Lost status Source of classification or shelving scheme Damaged status Not for loan Collection code Permanent location Current location Shelving location Date acquired Total Checkouts Full call number Barcode Date last seen Price effective from Koha item type
          Koleksioni i përgjithshem UBT - Prishtine UBT - Prishtine Koleksioni i përgjithshem 11/25/2013   342.15 (496.51)(091) RREC 001-000451 11/25/2013 11/25/2013 Books
          Koleksioni i përgjithshem UBT - Prishtine UBT - Prishtine Koleksioni i përgjithshem 11/25/2013   342.15 (496.51)(091) RREC 001-000450 11/25/2013 11/25/2013 Books
UBT Library © 2015-2024. All rights reserved University Education for Business and Technology